| 000 | 00975nam a2200253 i 4500 | ||
|---|---|---|---|
| 001 | 139025 | ||
| 003 | ES-MaACL | ||
| 005 | 20250831015843.0 | ||
| 007 | t| | ||
| 008 | 070214s1911 sp r ||||1| spa d | ||
| 080 | _a327(73:8=134.2) | ||
| 080 | _a327.2(73) | ||
| 080 | _a811.134.2:37(73) | ||
| 100 | 1 |
_aSaralegui y Medina, Manuel de. _9103752 |
|
| 245 | 1 | 3 |
_aEl idioma como señuelo : _bcuartillas leídas en el Centro de Cultura Hispano-Americana de Madrid / _cManuel de Saralegui y Medina. |
| 260 |
_aMadrid : _b[s.n.], _c1911 ( _fImp. de los Hijos de M.G. Hernández) |
||
| 300 |
_a40 p. ; _c20 cm. |
||
| 650 | 4 |
_aLengua española- _xEnseñanza- _zEstados Unidos. _9150763 |
|
| 650 |
_aImperialismo- _zEstados Unidos. _913601 |
||
| 651 | 4 |
_aEstados Unidos- _xRelaciones- _zAmérica Latina _98561 |
|
| 710 | 2 |
_aCentro de Cultura Hispano-Americana. _92596 |
|
| 852 |
_aES-MaACL _jT-1228-F-1 _z- Dedicatoria autógrafa del autor |
||
| 999 |
_c139025 _d139025 |
||